ห้องสมุด วิทยาลัยพยาบาลบรมราชชนนี อุดรธานี Boromarajonani College of Nursing, Udonthani
mysqli: Table './ulib2015/stat_globaluid' is marked as crashed and last (automatic?) repair failed select id from stat_globaluid where statuid='20260419124646_741' mysqli: Table './ulib2015/stat_globaluid' is marked as crashed and last (automatic?) repair failed DELETE FROM stat_globaluid
WHERE id NOT IN (
SELECT id
FROM (
SELECT id
FROM stat_globaluid
ORDER BY id DESC
LIMIT 100
) foo
); mysqli: Table './ulib2015/stat_globaluid' is marked as crashed and last (automatic?) repair failed insert into stat_globaluid set
statuid='20260419124646_741',
dt='1776577606',
phpself='/ULIB/dublinfull.php',
agent='Mozilla/5.0 AppleWebKit/537.36 (KHTML, like Gecko; compatible; ClaudeBot/1.0; +claudebot@anthropic.com)',
yea='2026',
mon='4',
dat='19',
ip='216.73.216.142'
LEADER 00674nam 2200229 a 4500
001 10806
003 ULIBM
008 140611s2534 th m a001 0 tha d
050 4 ^aWQ^bพ211ค 2534
245 10 ^aคนอยากมีลูก อยากมีลูกชาย ลูกสาว มีลูกแข็งแรง ฉลาด/^cพนิตย์ จิวะนันทประวัติ
250 ^aพิมพ์ครั้งที่ 1.
260 ^aกรุงเทพฯ:^bผู้จัดการ,^c2534
300 ^a 139 หน้า.
650 7 ^aคนอยากมีลูก อยากมีลูกชาย ลูกสาว มีลูกแข็งแรง ฉลาด
945 ^p0^l0^i2639
945 ^p0^l0^i4850
945 ^p0^l0^i4851
999 ^aลิขิตลักษณ์
คุณยังไม่ได้ล็อกอิน คุณสามารถมีกิจกรรมร่วมกับเว็บไซต์ได้ แต่ต้องล็อกอินก่อน ::
ลำดับที่
ประเภท
เลขเรียก /บาร์โค้ด
สถานที่
สถานะ
1.
หนังสือการพยาบาล WQ พ211ค 2534 Barcode: 2639 หนังสือทั่วไป On Shelf
2.
หนังสือการพยาบาล WQ พ211ค 2534 ฉ.2 Barcode: 4850 หนังสือทั่วไป On Shelf
3.
หนังสือการพยาบาล WQ พ211ค 2534 ฉ.3 Barcode: 4851 หนังสือทั่วไป On Shelf [แสดง 3/3 รายการ]
mysqli: Can't create/write to file '/var/tmp/#sql_59d_0.MAI' (Errcode: 2) select * from index_db where titl like '%คนอยากมีลูก อยากมีลูกชาย ลูกสาว มีลูกแข็งแรง ฉลาด/ พนิตย์ จิวะนันทประวัติ%' and mid<>'10806' order by rand() limit 3 mysqli: Can't create/write to file '/var/tmp/#sql_59d_0.MAI' (Errcode: 2) select * from index_db where subj like '%คนอยากมีลูก อยากมีลูกชาย ลูกสาว มีลูกแข็งแรง ฉลาด%' and mid<>'10806' order by rand() limit 3
ยังไม่เคยถูกคอมเมนท์
คอมเมนท์ทรัพยากรรายการนี้
JavaScript must be enabled in order for you to use Google Maps.
However, it seems JavaScript is either disabled or not supported by your browser.
To view Google Maps, enable JavaScript by changing your browser options, and then
try again.